000 00384nam a2200145Ia 4500
008 230917s9999||||xx |||||||||||||| ||und||
040 _e121102
_aMAIN
041 _aEnglish
082 _a785.03 E19E
100 _aGanguly, P S, ed.
245 0 _aEncyclopaedic dictionary of World musical instruments
260 _aNew Delhi
_bGlobal Vision
_c2008
300 _a608 p.
942 _cBK
999 _c146548
_d146548